Business research methods

Αποθηκεύτηκε σε:
Λεπτομέρειες βιβλιογραφικής εγγραφής
Κύριος συγγραφέας: Zikmund, William G.
Μορφή: Βιβλίο
Γλώσσα:English
Δημοσίευση: Philadelphia : The Dryden Press, 2000
Έκδοση:6th ed.
Θέματα:
Ετικέτες: Προσθήκη ετικέτας
Δεν υπάρχουν, Καταχωρήστε ετικέτα πρώτοι!

MARC

LEADER 00000cam a2200000 i 4500
001 1/18571
008 010316s2000 eng d
020 |a 0-03-025817-0 
035 |l 10066539 
040 |a GR-MY-UA  |b gre  |e aacr 
041 0 |a eng 
082 0 |a 628.0072 
100 1 |a Zikmund, William G. 
245 1 0 |a Business research methods /  |c William G. Zikmund 
250 |a 6th ed. 
260 |a Philadelphia :   |b The Dryden Press,   |c 2000 
300 |a xxix, 660 p. 
504 |a Includes index 
650 0 0 |a Industrial management  |x Research. 
852 |a INST  |b CHIOS  |e 20010316  |h 628.0072 ZIK  |p 005200016662  |q 005200016662  |t BK  |y 0 
901 |a BIBL2-2001-1 
909 |a Χ  |b 083170 
970 |a ΠΟΥΛΑΚΗ  |b ΣΤΕΛΛΑ  |z 2001/03/16